ბათუმის შოთა რუსთაველის სახელმწიფო უნივერსიტეტის ბიბლიოთეკა

Computerlinguistische Methoden für die Digital Humanities (ბიბ.ჩანაწერი № 62148)

000 -LEADER
fixed length control field 00902nam a22002057a 4500
005 - DATE AND TIME OF LATEST TRANSACTION
control field 20240723165343.0
008 - FIXED-LENGTH DATA ELEMENTS--GENERAL INFORMATION
fixed length control field 240723s2024 ge ||||| |||| 00| 0 ger d
020 ## - INTERNATIONAL STANDARD BOOK NUMBER
International Standard Book Number 9783823385790X
041 ## - LANGUAGE CODE
Language code of text/sound track or separate title ger
080 ## - UNIVERSAL DECIMAL CLASSIFICATION NUMBER
Universal Decimal Classification number 81'373:004.3 A-54
100 ## - MAIN ENTRY--PERSONAL NAME
Personal name Andresen, Melanie
9 (RLIN) 22914
245 ## - TITLE STATEMENT
Title Computerlinguistische Methoden für die Digital Humanities
Remainder of title eine Einführung für Geisteswissenschaftler:innen /
Statement of responsibility, etc. Melanie Andresen,
264 ## - PRODUCTION, PUBLICATION, DISTRIBUTION, MANUFACTURE, AND COPYRIGHT NOTICE
Place of production, publication, distribution, manufacture Tubingen:
Name of producer, publisher, distributor, manufacturer Narr Francke Attempto,
Date of production, publication, distribution, manufacture, or copyright notice 2024.
300 ## - PHYSICAL DESCRIPTION
Extent 240 p:.
Other physical details Diagramme;
Dimensions 24 cm.
440 ## - SERIES STATEMENT/ADDED ENTRY--TITLE
Title Narr Studienbücher
9 (RLIN) 22915
653 ## - INDEX TERM--UNCONTROLLED
keyword Computerlinguistische Methoden für die Digital Humanities eine Einführung für Geisteswissenschaftler:innen
653 ## - INDEX TERM--UNCONTROLLED
keyword გამოთვლითი ლინგვისტიკა
653 ## - INDEX TERM--UNCONTROLLED
keyword ციფრული ჰუმანიტარული მეცნიერებები
942 ## - ADDED ENTRY ELEMENTS (KOHA)
Source of classification or shelving scheme
Koha item type წიგნი
ეგზემპლარები
Withdrawn status Lost status Source of classification or shelving scheme Damaged status Not for loan Permanent Location Current Location Shelving location Date acquired Cost, normal purchase price Full call number Barcode Date last seen Copy number Price effective from Koha item type Public note
          ბათუმის შოთა რუსთაველის სახელმწიფო უნივერსიტეტის მთავარი ბიბლიოთეკა ბათუმის შოთა რუსთაველის სახელმწიფო უნივერსიტეტის მთავარი ბიბლიოთეკა წიგნსაცავი 2024-07-23 141.00 81'373:004.3 A-54 68828 2024-07-23 68828 2024-07-23 წიგნი 141.00